00609nam a22002177a 450000500170000001000150001702000260003203500130005803500170007103700130008803700240010108200120012510000220013724500550015925000120021426000400022627000340026630000370030050000190033765000350035620130712152352.0 aENG-105053 c450.00a9788125950837 aEN-88586 aB-492312-316 bDBAD/PUB bBlue Berry/Venadpl a005.133 aDas, Rashmi Kanta aCore Java for beginners /cby Rashmi Kanta Dasb  arev. ed aNoidabVikas Publishing Housec2011 aE-28, Sector-8bNoidae201301 axxii, 808p. :c24cm (pbk) bill. aIncludes index aJana computer program language